A climate modelling primer
Includes bibliographical references and index.
Đã lưu trong:
| Tác giả chính: | |
|---|---|
| Tác giả khác: | |
| Định dạng: | Sách |
| Ngôn ngữ: | Undetermined |
| Được phát hành: |
Chichester, West Sussex
John Wiley & Sons, Ltd
2014
|
| Những chủ đề: | |
| Truy cập trực tuyến: | http://lrc.tdmu.edu.vn/opac/search/detail.asp?aID=2&ID=24593 |
| Các nhãn: |
Thêm thẻ
Không có thẻ, Là người đầu tiên thẻ bản ghi này!
|
| Thư viện lưu trữ: | Trung tâm Học liệu Trường Đại học Thủ Dầu Một |
|---|
| LEADER | 00944nam a2200217Ia 4500 | ||
|---|---|---|---|
| 001 | TDMU_24593 | ||
| 008 | 210410s9999 xx 000 0 und d | ||
| 082 | |a 551.6011 | ||
| 090 | |b MCG 509 | ||
| 100 | |a Kendal McGuffie | ||
| 245 | 2 | |a A climate modelling primer | |
| 245 | 0 | |c Kendal McGuffie, Department of Applied Physics, University of Technology, Sydney, NSW, Australia, Ann Henderson-Sellers, Department of Environment and Geography, Macquarie University, North Ryde, NSW, Australia | |
| 260 | |a Chichester, West Sussex | ||
| 260 | |b John Wiley & Sons, Ltd | ||
| 260 | |c 2014 | ||
| 300 | |a 439 pages | ||
| 520 | |a Includes bibliographical references and index. | ||
| 650 | |a Climatology |x Mathematical models.; Khí hậu học |x Mô hình toán học | ||
| 700 | |a Henderson-Sellers, A | ||
| 856 | |u http://lrc.tdmu.edu.vn/opac/search/detail.asp?aID=2&ID=24593 | ||
| 980 | |a Trung tâm Học liệu Trường Đại học Thủ Dầu Một | ||